| 000 | 01221nam a2200313 a 4500 | ||
|---|---|---|---|
| 001 | ebr10040943 | ||
| 003 | CaPaEBR | ||
| 006 | m u | ||
| 007 | cr cn||||||||| | ||
| 008 | 980317s1998 dcua sb 001 0 eng | ||
| 010 | _z 98017906 | ||
| 020 | _z0309064090 (alk. paper) | ||
| 040 |
_aCaPaEBR _cCaPaEBR |
||
| 035 | _a(OCoLC)614683830 | ||
| 050 | 1 | 4 |
_aHV5740 _b.B75 1998eb |
| 082 | 0 | 4 |
_a613.85 _221 |
| 100 | 1 | _aBrigham, Janet. | |
| 245 | 1 | 0 |
_aDying to quit _h[electronic resource] : _bwhy we smoke and how we stop / _cJanet Brigham. |
| 260 |
_aWashington, D.C. : _bJoseph Henry Press, _c1998. |
||
| 300 |
_axv, 289 p. : _bill. |
||
| 504 | _aIncludes bibliographical references (p. 251-267) and index. | ||
| 533 |
_aElectronic reproduction. _bPalo Alto, Calif. : _cebrary, _d2013. _nAvailable via World Wide Web. _nAccess may be limited to ebrary affiliated libraries. |
||
| 650 | 0 |
_aSmoking _xPsychological aspects. |
|
| 650 | 0 |
_aSmoking _xPrevention. |
|
| 650 | 0 |
_aTobacco _xPhysiological effect. |
|
| 655 | 7 |
_aElectronic books. _2local |
|
| 710 | 2 | _aebrary, Inc. | |
| 856 | 4 | 0 |
_uhttp://site.ebrary.com/lib/rucke/Doc?id=10040943 _zAn electronic book accessible through the World Wide Web; click to view |
| 999 |
_c60583 _d60583 |
||